Normal view
MARC view
- Español
Entry Materia
001 - NÚMERO DE CONTROL DEL REGISTRO
- campo de control: 21402
003 - IDENTIFICADOR DE NUMERO DE CONTROL
- campo de control: MX-MxUPN
005 - FECHA Y HORA DE LA ÚLTIMA TRANSACCIÓN
- campo de control: 20240816094346.0
008 - DATOS DE LONGITUD FIJA
- campo de control de longitud fija: 240816n||acnnnaabn | |na |d
035 ## - NÚMERO DE CONTROL DEL SISTEMA
- Número de control del sistema: UPN10000021411
040 ## - FUENTE DE LA CATALOGACIÓN
- Lengua de catalogación: spa
- Agencia de transcripción: MX-MxUPN
- Centro catalogador de origen: MX-MxUPN
150 ## - ENCABEZAMIENTO - TEMÁTICO
- Término de materia o nombre geográfico como elemento inicial: Español
- Subdivisión de forma: Diccionarios
- Subdivisión de materia general: Francés
670 ## - FUENTE EN LA QUE SE LOCALIZARON DATOS
- Cita de la fuente: Autoridades BGTQ 16 agosto 2024 :
- Información localizada: (Español -- Diccionarios -- Francés)
902 ## - CATALOGADOR
- Catalogador: MMA/300197
- Catalogador: MaríaRobles/160824
